000 00361nam a2200133 i 4500
001 bg
245 0 _aOptymalne decyzje w procesach produkcyjnych.
_nCz. 2 /
_pMetody matematyczne.
_cpod red. J. Cyklisa.
260 _aKraków,
_c1984.
700 1 _aCYKLIS, Jerzy.
_eRed.
040 _cBPK
041 _apol
942 _cKS
008 s pl f |000 0 pol
999 _c937
_d937
856 _uhttp://koha.tu.koszalin.pl/cgi-bin/koha/opac-detail.pl?biblionumber=937
_yKatalog online BPK